Регионална библиотека "Любен Каравелов" - Русе

Пазители на наследството (Запис номер 178225)

MARC детайли
000 -Лидер
Контролно поле с фиксирана дължина 01930nam a2200445 c 4500
003 - Код на организацията, давaща контролен номер
Контролно поле BLK
005 - Дата и час на последна редакция
Контролно поле 20230311141322.0
008 - Елементи от данни с фиксирана дължина
fixed length control field 180411b bul|||||r ||||||| ||bul||
010 ## - Наследен системен номер
LC control number KNG00186930000
020 ## - Международен стандартен номер на книга ISBN
Международен стандартен номер на книга ISBN 978-954-9535-65-5
040 ## - Източник на каталожния запис
Идентификатор на билиотеката - собственик на записа BLK
041 ## - Код за език
Код за езика на текст/звукозапис или на отделно заглавие Български
Код за езика КДБФ Български
072 #7 - Код за тематичната категория
Код организация bullib
Код за тематична категория Н92
Текст История Н
080 ## - УДК
Текстов определител УДК История на Втората световна война (1939-1945)
УДК код - определител по УДК 94(100) "1939/1945"
УДК - код + определител 94(100) "1939/1945"
100 1# - Редна дума - Автор
Автор Едсъл, Робърт М.
Авторска отговорност първи автор
R(LIN) 66741
139 ## - Редно поле
Редна дума Едсъл, Робърт М. и др.
Авторски знак Едр - Е 34
245 10 - Сведения за заглавието
Заглавие Пазители на наследството
Подзаглавни данни Най-мащабното търсене на съкровища в историята
Редно поле (дума) Робърт М. Едсъл; съавт. Брет Уитър; прев. от англ. Влади Райчинов; * Владимир Николаев Райчинов.
257 ## - Страна на издаване
Страна на създаване/издаване Съединени американски щати
260 ## - Област на издателските данни
Име на издателя, разпространителя и проч. Вакон
Година на издаване 2014
Печатница София : Алианс принт
300 ## - Физическа характеристика
Страници 472 с.
Илюстрации и др. с ил.
Размери/Мащаб 21 см
380 ## - Жанр
Жанр История
500 ## - Общи забележки
Забележка Ориг. загл. The Monuments Men / Robert M. Edsel.
650 #4 - Допълнително описание по предмет – тема
Основно описание – тема или топоним Втора световна война
9 (RLIN) 266732
650 #4 - Допълнително описание по предмет – тема
Основно описание – тема или топоним Европа - изкуство
9 (RLIN) 292240
650 #4 - Допълнително описание по предмет – тема
Основно описание – тема или топоним Конфискация - Европа
9 (RLIN) 341236
651 #4 - Допълнително описание по предмет - топоним
Географско понятие Европа
9 (RLIN) 244407
653 ## - Ключова дума – ненормативна
Ключова дума Втора световна война
653 ## - Ключова дума – ненормативна
Ключова дума изобразително изкуство
653 ## - Ключова дума – ненормативна
Ключова дума кражби
653 ## - Ключова дума – ненормативна
Ключова дума конфискации
659 ## - Тематичен бюлетин
Тематичен бюлетин Н
700 1# - Други автори (авторска отговорност)
Лично име Уитър, Брет
Автороска отговорност (Описва отношението между автора и произведението) съавт.
9 (RLIN) 132793
700 1# - Други автори (авторска отговорност)
Лично име Райчинов, Влади
Автороска отговорност (Описва отношението между автора и произведението) прев. от англ.
9 (RLIN) 372330
700 1# - Други автори (авторска отговорност)
Лично име Райчинов, Владимир Николаев
Автороска отговорност (Описва отношението между автора и произведението) *
9 (RLIN) 368024
852 ## - Местоположение
Форматна сигнатура Цб 279818
856 4# - Електронен адрес и достъп
Електронен формат pdf - файл
856 4# - Електронен адрес и достъп
Електронен формат pdf - файл
999 ## - СИСТЕМНИ КОНТРОЛНИ НОМЕРА
Koha biblionumber 178225
Koha biblioitemnumber 178225
942 ## - АРТИКУЛИ
Вид на библиотечния материал Книги
Скрит в OPAC Не
Периодичен библиозапис Да
Koha issues (borrowed), all copies 1
944 ## - СЪЗДАВАНЕ И РЕДАКЦИЯ на ЗАПИСА
Създаване/Редакция Създаване
Дата на регистрацията/редакция 09.03.2016
Статус, дата на статуса ф /
Служител, извършил регистрацията/редакцията Виолета_Тройчева
944 ## - СЪЗДАВАНЕ И РЕДАКЦИЯ на ЗАПИСА
Създаване/Редакция Редакция
Дата на регистрацията/редакция 27.01.2017
Статус, дата на статуса ф /
Служител, извършил регистрацията/редакцията Людмила_Стоянова
999 ## - СИСТЕМНИ КОНТРОЛНИ НОМЕРА
Koha biblioitemnumber 178225
Наличности
Код за отписване Код за изгубен артикул Код за повреда Коз за рестрикции Код за отдаване Артикулен № Име на библиотеката - собственик Име на библиотеката, в която се намира в момента Статус (Текущо местоположение) Дата на вписване в системата Местоположение - отдел Цена в лева Инвентарен номер Систематично азбучна сигнатура Баркод Номер на екземпляра Цена в евро Служебна бележка Служебен тип на артикула Източник на класификационната схема
  Не е изгубен Не е повреден без рестрикции ползва се в читалня 306136 Регионална библиотека "Любен Каравелов" Русе Регионална библиотека "Любен Каравелов" Русе Хранилище 2016-03-09 Хранилище 18.00 120000798658 Цб 279818 120000798658 1 9.20 Дост: Dp Вид: Д N: 7 Дата: 01.02.2016 Книги  
  Не е изгубен Не е повреден без рестрикции заемане за дома 306137 Регионална библиотека "Любен Каравелов" Русе Регионална библиотека "Любен Каравелов" Русе Заемна - подръчен фонд 2016-12-21 Заемна - подръчен фонд 5.00 120000806809 94(100) "1939/1945"/Е 34 Р 120000806809 2 2.56 Дост: Pk Вид: Ф N: 475 Дата: 19.12.2016 Дата инв: 15.02.2018 Бележки инв: П2018 Книги Universal Decimal Classification
Vip Innovations Ltd, Rousse, Bulgaria 2025